L'Allier en images - Statistiques

Statistiques générales
  • Ce quiz a été pris 108 fois
  • Le résultat moyen est 11 sur 18
Statistiques - réponses
Par images Hint Réponse % Correct
Ville connue pour ses thermes Vichy
98%
Maréchal ayant été chef de l'état de 1940 a 1944 Philippe Pétain
96%
Préfecture Moulins
93%
Entreprise ayant 3 ateliers de production a St-Pourcin-sur-Sioule Louis Vuitton
88%
Plus grande ville de l'Allier Montluçon
87%
Film se déroulant dans l'Allier La soupe aux choux
81%
Bonbon Pastille de Vichy
79%
Parc d'attraction le plus fréquenté d'Auvergne-Rhones-Alpes Le Pal
75%
Religion représenté par cette pagode a Noyant-d'Allier Bouddhisme
63%
Ancien duché Duché du Bourbonnais
62%
Plat a base de pomme de terre et de crème Pâté aux pommes de terre
61%
Forêt de chênes considéré comme la plus belle d'Europe Forêt de Tronçais
48%
Musée national Centre national du costume et de la scène
46%
Parc a thèmes sur les dinosaures Paléopolis
43%
Reporter de guerre et commentateur du tour de France ayant donné son nom au prix du meilleur reportage Albert Londres
31%
Plus beau village de France en 1985 Charroux
31%
Pont Pont Régemortes
21%
Cathédrale Cathédrale Notre-Dame-de-l'Annonciation de Moulins
12%
Aucun quiz correspondant
Distribution des résultats
% des personnes avec chaque résultat
Percentile par nombre de réponses
Votre historique - résultats
Vous n’avez pas pris ce quiz